Facets of Education/ (Record no. 199782)

MARC details
000 -LEADER
fixed length control field 00794nam a22002417a 4500
005 - DATE AND TIME OF LATEST TRANSACTION
control field 20231222125107.0
010 ## - LCCN (DPL NO)
LC control number ENG-138728 ENG-138729
020 ## - INTERNATIONAL STANDARD BOOK NUMBER
Terms of availability 9789390897520
International Standard Book Number 1595.00
020 ## - INTERNATIONAL STANDARD BOOK NUMBER
Terms of availability 9789390897513
International Standard Book Number 595.00
035 ## - SYSTEM CONTROL NUMBER
System control number EN-122260
035 ## - SYSTEM CONTROL NUMBER
System control number EN-122261
037 ## - SOURCE OF ACQUISITION
Source of stock number/acquisition DBAD/PUB
082 ## - DEWEY DECIMAL CLASSIFICATION NUMBER
Classification number 370
Edition number 1
100 ## - MAIN ENTRY--PERSONAL NAME
Personal name A.M, Shahana
245 ## - TITLE STATEMENT
Title Facets of Education/
Statement of responsibility, etc By Shahana A.M and Edited By Vanaja M.
250 ## - EDITION STATEMENT
Edition statement 1
260 ## - PUBLICATION, DISTRIBUTION, ETC. (IMPRINT)
Place of publication, distribution, etc New Delhi
Name of publisher, distributor, etc Neelkamal Publications
Date of publication, distribution, etc 2021
270 ## - ADDRESS
Address 4764/1,23,Ansari Road Daryaganj,
City New Delhi
Postal code 110002
Telephone number 011-23244237
-- 9811828953
Electronic mail address neelkamalbooks@gmail.com
300 ## - PHYSICAL DESCRIPTION
Extent xviii+413p.
Dimensions 24cm(pbk)
Other physical details ill.
300 ## - PHYSICAL DESCRIPTION
Extent xviii+413p.
Dimensions 25cm(hbk)
700 ## - ADDED ENTRY--PERSONAL NAME
Personal name M, Vanaja
Relator term Edited
9 (RLIN) 60178
942 ## - ADDED ENTRY ELEMENTS (KOHA)
Source of classification or shelving scheme Dewey Decimal Classification
Item type English Books
Classification part 370
Call number suffix AMS
Edition 1
Holdings
Withdrawn status Lost status Not for loan Collection code Home library Current library Date acquired Source of acquisition Cost, normal purchase price Full call number Barcode Copy number Cost, replacement price Koha item type
      Non-fiction Ashok Vihar Ashok Vihar 22/12/2023 DBAD 1595.00 370 AMS EN-122260 1 1595.00 English Books
      Non-fiction Sarojini Nagar Sarojini Nagar 22/12/2023 DBAD/PUB 595.00 370 AMS EN-122261 1 595.00 English Books

© Delhi Public Library
Hit Counter
free hit counter